[Event "POL-ch U16 Girls"]
[Site "Leba"]
[Date "2004.04.02"]
[Round "9"]
[White "Wojdyla, Anna"]
[Black "Tobiasz, Magdalena"]
[Result "1/2-1/2"]
[WhiteElo "1600"]
[BlackElo "1800"]
[PlyCount "48"]
[EventDate "2004.03.27"]
[EventType "swiss"]
[EventRounds "11"]
[EventCountry "POL"]
[SourceTitle "EXT 2005"]
[Source "ChessBase"]
[SourceDate "2004.11.15"]
[SourceVersion "1"]
[SourceVersionDate "2004.11.15"]
[SourceQuality "1"]

1. d4 c5 2. c3 cxd4 3. cxd4 d5 4. Nc3 Bf5 5. Bf4 e6 6. e3 h6 7. Nf3 Nc6 8. Bd3 Bxd3 9. Qxd3 Bd6 10. Bxd6 Qxd6 11. 0-0 Nf6 12. Rac1 0-0 13. Ne2 Rac8 14. Ng3 Rc7 15. a3 Rfc8 16. Rc2 e5 17. Nxe5 Nxe5 18. dxe5 Qxe5 19. Rfc1 h5 20. Ne2 Ng4 21. g3 Nf6 22. Rxc7 Rxc7 23. Rxc7 Qxc7 24. Qc3 Qd7 1/2-1/2